Score 0/28 Timer 04:00
0 Plays Today
Clue 4-Letter Answer % Correct
1993 movie: 'Schindler's ___'LIST
98.1%
A closed handFIST
97.1%
Aquatic animal with fins and gillsFISH
96.4%
1985 movie: '___ to the Future'BACK
95.9%
Place to deposit moneyBANK
95.3%
Desire or hopeWISH
93.8%
Fill a suitcasePACK
92%
Athlete, especially in high schoolJOCK
89.2%
Your overseer at workBOSS
88.4%
1998 movie '___: Pig in the City'BABE
86.1%
A visible scar left by a diseasePOCK
85.8%
★ Sandy Jobin-Bevans plays ___●JACK●
85.4%
To raiseLIFT
85.3%
Bad guy in 'Star Wars': ___ LordSITH
81.3%
Clue 4-Letter Answer % Correct
Source of ruinBANE
80.3%
Bulletin board needTACK
80%
The location of a structureSITE
79.9%
1980 movie: 'Heaven's ___'GATE
78.1%
★★ TV show: [rung 1] + ____ + [rung 28]●●WITH●●
77.8%
Former First Lady ___ TrumanBESS
76.4%
To satisfy or quenchSATE
74.4%
★ Nathan McLeod plays ___ Foster ★●GABE●
72.2%
A specialized worker in a labTECH
65.3%
★ Tori Webster plays ___ Foster ★●TESS●
63.9%
A dial on your dashboard, for shortTACH
62.3%
★★ TV show: ___ + [rung 7] + [rung 28]●●LIFE●●
61.8%
John who hosted 'Entertainment Tonight'TESH
61.4%
★★ TV show: [rung 1] + [rung 7] + _____●●BOYS●●
25%

Today's Daily Dose

Remove Ads.
Support Sporcle.
Get the best of Sporcle when you Go Orange. This ad-free experience offers more features, more stats, and more fun while also helping to support Sporcle. Thank you for becoming a member.

You're not logged in!

Compare scores with friends on all Sporcle quizzes.
OR
Log In

Sporcle TV

Today on Sporcle TV


Watch our educational content, quiz creation guides, and fun videos on Sporcle TV.

Show Comments

Extras

Top Quizzes Today


Score Distribution

Paid Content

Your Account Isn't Verified!

In order to create a playlist on Sporcle, you need to verify the email address you used during registration. Go to your Sporcle Settings to finish the process.

Report this User

Report this user for behavior that violates our Community Guidelines.

Details: